FC Barcelona players 24/25 - Statistics

General Stats
  • This quiz has been taken 98 times
  • The average score is 21 of 26
Answer Stats
Hint Answer % Correct
9 Robert Lewandowski
100%
8 Pedri
98%
3 Alejandro Balde
95%
6 Gavi
95%
1 Marc-André ter Stegen
95%
19 Lamine Yamal
94%
25 Wojciech Szczęsny
94%
2 Pau Cubarsí
91%
11 Raphinha
91%
23 Jules Koundé
90%
4 Ronald Araújo
90%
35 Gerard Martin
88%
7 Ferran Torres
86%
5 Iñigo Martínez
85%
13 Iñaki Peña
83%
14 Pablo Torre
83%
21 Frenkie De Jong
80%
20 Dani Olmo
78%
10 Ansu Fati
75%
16 Fermín López
73%
15 Andreas Christensen
72%
32 Héctor Fort
68%
17 Marc Casadó
60%
24 Eric García
59%
18 Pau Víctor
53%
28 Marc Bernal
52%
No matching quizzes found
Score Distribution
Percent of People with Each Score
Percentile by Number Answered
Your Score History
You have not taken this quiz